000 00831nam a22002897a 4500
001 BR7802647
003 BR-BrBNA
005 20230928085600.0
007 ta
008 230509b bl.||||| |||| 00| 0 por d
040 _aBR-BrBNA
_bpor
_cBiblioteca Nacional de Agricultura
041 _a(Por)
072 _aL30
_b5212
_b/G514
090 _ 5212 BR7802647
100 1 _aGomes, M.R.
110 1 _aEmpresa de Assistencia Tecnica e Extensao Rural do Estado de Minas Gerais, Belo Horizonte (Brasil)
245 1 _aConfinamento de bovinos
_bProjeto bovinocultura de corte
260 3 _aBelo Horizonte, MG (Brasil):
_c1978.
300 _a50 p.
500 _a5 tables; 15 graphs
650 _aBOVINO
650 _aMELACO
650 _aUREIA
650 _aCONFINAMENTO
909 _a202309
_bLucia
_c55
_dLucia Elande
942 _cBK
999 _c25212
_d25212